[Event "British Rapidplay 2017"]
[Site "Leeds"]
[Date "2017.11.19"]
[Round "10.4"]
[White "Dong, Bao Nghia"]
[Black "Sarakauskas, Gediminas"]
[Result "1-0"]
[BlackElo "2311"]
[WhiteElo "2183"]
[LiveChessVersion "1.4.8"]

1. d4 {[%clk 0:20:17]} d6 {[%clk 0:20:20]} 2. Nf3 {[%clk 0:20:24]} Bg4
{[%clk 0:20:28]} 3. c3 {[%clk 0:20:28]} c6 {[%clk 0:19:58]} 4. Bf4
{[%clk 0:20:01]} Nd7 {[%clk 0:19:59]} 5. Nbd2 {[%clk 0:19:53]} h6
{[%clk 0:18:40]} 6. h3 {[%clk 0:20:02]} Bh5 {[%clk 0:18:50]} 7. e3
{[%clk 0:19:44]} e5 {[%clk 0:18:37]} 8. Bh2 {[%clk 0:19:52]} exd4
{[%clk 0:15:23]} 9. cxd4 {[%clk 0:17:59]} d5 {[%clk 0:14:44]} 10. Bd3
{[%clk 0:18:00]} Ne7 {[%clk 0:14:53]} 11. O-O {[%clk 0:17:13]} Nf6
{[%clk 0:14:23]} 12. Qc2 {[%clk 0:16:58]} Bg6 {[%clk 0:14:06]} 13. Ne5
{[%clk 0:16:57]} Bxd3 {[%clk 0:13:57]} 14. Qxd3 {[%clk 0:17:06]} Nc8
{[%clk 0:13:59]} 15. e4 {[%clk 0:17:01]} Be7 {[%clk 0:13:37]} 16. exd5
{[%clk 0:13:43]} Nxd5 {[%clk 0:13:30]} 17. a3 {[%clk 0:13:48]} O-O
{[%clk 0:13:25]} 18. b4 {[%clk 0:13:57]} Nd6 {[%clk 0:13:28]} 19. Ndc4
{[%clk 0:13:47]} Nxc4 {[%clk 0:11:24]} 20. Qxc4 {[%clk 0:13:52]} Nb6
{[%clk 0:09:06]} 21. Qb3 {[%clk 0:11:58]} Qxd4 {[%clk 0:09:01]} 22. Rad1
{[%clk 0:11:55]} Qh4 {[%clk 0:08:59]} 23. Ng6 {[%clk 0:11:56]} Qg5
{[%clk 0:07:54]} 24. Nxf8 {[%clk 0:12:03]} Bxf8 {[%clk 0:07:49]} 25. Rfe1
{[%clk 0:11:42]} a6 {[%clk 0:07:44]} 26. Bd6 {[%clk 0:10:43]} Nd5
{[%clk 0:07:38]} 27. Bxf8 {[%clk 0:10:47]} Kxf8 {[%clk 0:07:45]} 28. Qf3
{[%clk 0:10:30]} Rd8 {[%clk 0:07:06]} 29. g3 {[%clk 0:10:23]} Rd6
{[%clk 0:05:59]} 30. h4 {[%clk 0:10:16]} Qd8 {[%clk 0:05:37]} 31. Qe4
{[%clk 0:10:10]} g6 {[%clk 0:04:40]} 32. Qe5 {[%clk 0:10:08]} Qf6
{[%clk 0:04:09]} 33. Qe8+ {[%clk 0:05:58]} Kg7 {[%clk 0:04:18]} 34. Qb8
{[%clk 0:06:06]} Rd7 {[%clk 0:03:45]} 35. Re8 {[%clk 0:06:08]} Re7
{[%clk 0:02:30]} 36. Re1 {[%clk 0:05:35]} Rxe1+ {[%clk 0:01:37]} 37. Rxe1
{[%clk 0:05:42]} Qc3 {[%clk 0:01:46]} 38. Qe5+ {[%clk 0:05:37]} Qxe5
{[%clk 0:01:54]} 39. Rxe5 {[%clk 0:05:45]} Kf8 {[%clk 0:02:00]} 40. f4
{[%clk 0:05:48]} Nb6 {[%clk 0:01:20]} 41. Re4 {[%clk 0:04:52]} Nc8
{[%clk 0:01:29]} 42. Kf2 {[%clk 0:04:47]} Nd6 {[%clk 0:01:38]} 43. Rd4
{[%clk 0:04:44]} Ke7 {[%clk 0:01:47]} 44. g4 {[%clk 0:04:52]} Ke6
{[%clk 0:01:48]} 45. Kf3 {[%clk 0:04:51]} b6 {[%clk 0:01:54]} 46. Rd1
{[%clk 0:04:26]} c5 {[%clk 0:01:52]} 47. bxc5 {[%clk 0:04:28]} bxc5
{[%clk 0:02:02]} 48. a4 {[%clk 0:04:26]} Kd7 {[%clk 0:01:55]} 49. h5
{[%clk 0:02:53]} gxh5 {[%clk 0:02:00]} 50. g5 {[%clk 0:03:01]} hxg5
{[%clk 0:02:05]} 51. fxg5 {[%clk 0:03:10]} Kc6 {[%clk 0:01:02]} 52. Kf4
{[%clk 0:03:19]} Nc4 {[%clk 0:00:31]} 53. Ra1 {[%clk 0:02:59]} Kd5
{[%clk 0:00:19]} 54. Rb1 {[%clk 0:02:45]} Nd6 {[%clk 0:00:12]} 55. Rb6
{[%clk 0:02:37]} c4 {[%clk 0:00:15]} 56. Rxa6 {[%clk 0:02:28]} c3
{[%clk 0:00:13]} 57. Ke3 {[%clk 0:02:31]} h4 {[%clk 0:00:20]} 58. Kd3
{[%clk 0:02:32]} h3 {[%clk 0:00:27]} 59. Ra8 {[%clk 0:02:36]} Ne4 1-0